INFO z Evropské unie

Európska únia a poisťovníctvo. CEA (Comité Européen des Assurances) - Federácia národných asociácií poisťovní z 31 európskych štátov. Kľúčové témy európskej integrácie riešené v CEA. Rozšírenie EÚ v roku 2004.

Salvato in:
Dettagli Bibliografici
Autore principale: Pospíšilová, Jana
Altri autori: Čížek, Josef
Natura: Capitolo di libro
Lingua:ceco
Soggetti:
Tags: Aggiungi Tag
Nessun Tag, puoi essere il primo ad aggiungerne!!

MARC

LEADER 00000naa$a2200000$$$4500
001 0008728
005 20230927101320.0
041 0 |a cze 
044 |a CZ 
245 1 0 |a INFO z Evropské unie  |c aut. Jana Pospíšilová, Josef Čížek 
520 |a Európska únia a poisťovníctvo. CEA (Comité Européen des Assurances) - Federácia národných asociácií poisťovní z 31 európskych štátov. Kľúčové témy európskej integrácie riešené v CEA. Rozšírenie EÚ v roku 2004. 
610 2 0 |a Európska únia 
610 2 0 |a poisťovníctvo 
610 2 0 |a integrácia 
610 2 0 |a smernice 
100 1 |a Pospíšilová, Jana 
700 1 |a Čížek, Josef